| 000 | 01128cam a2200301 a 4500 | ||
|---|---|---|---|
| 001 | 15019283 | ||
| 005 | 20201128013533.0 | ||
| 008 | 070924s2008 maua b 001 0 eng | ||
| 010 | _a 2007039376 | ||
| 020 | _a9780073384986 (alk. paper) | ||
| 020 | _a0073384984 (alk. paper) | ||
| 035 | _a(OCoLC)ocn173299405 | ||
| 035 |
_a(OCoLC)173299405 _z(OCoLC)154775751 |
||
| 040 |
_aDLC _cDLC _dYDX _dBAKER _dBTCTA _dYDXCP _dDLC |
||
| 050 | 0 | 0 |
_aP90 _b.T78 2008 |
| 082 | 0 | 0 |
_a302.2 _222 _bTUB |
| 100 | 1 |
_aTubbs, Stewart L., _d1943- _92397 |
|
| 245 | 1 | 0 |
_aHuman communication : _bprinciples and contexts / _cStewart L. Tubbs, Sylvia Moss. |
| 250 | _a11th ed. | ||
| 260 |
_aBoston : _bMcGraw-Hill Higher Education, _cc2008. |
||
| 300 |
_axv, 553, [69] p. : _bill. ; _c24 cm. |
||
| 504 | _aIncludes bibliographical references and index. | ||
| 650 | 0 |
_aCommunication. _92398 |
|
| 700 | 1 |
_aMoss, Sylvia, _d1937- _92399 |
|
| 856 | 4 | 2 |
_3Publisher description _uhttp://www.loc.gov/catdir/enhancements/fy0745/2007039376-d.html |
| 856 | 4 | 1 |
_3Table of contents only _uhttp://www.loc.gov/catdir/enhancements/fy0745/2007039376-t.html |
| 942 | _2c | ||
| 999 |
_c10955 _d10955 |
||